2023 NFL Draft 1st Round - Statistics

General Stats
  • This quiz has been taken 301 times
  • The average score is 17 of 31
Answer Stats
# Team Pos. School Answer % Correct
2 Texans QB Ohio State CJ Stroud
98%
4 Colts QB Florida Anthony Richardson
83%
3 Texans EDGE Alabama Will Anderson Jr
80%
8 Falcons RB Texas Bijan Robinson
78%
5 Seahawks CB Illinois Devon Witherspoon
75%
9 Eagles DT Georgia Jalen Carter
73%
12 Lions RB Alabama Jahmyr Gibbs
71%
21 Chargers WR TCU Quentin Johnston
70%
20 Seahawks WR Ohio State Jaxon Smith-Njigba
69%
23 Vikings WR USC Jordan Addison
67%
22 Ravens WR Boston College Zay Flowers
65%
6 Cardinals OT Ohio State Paris Johnson Jr
61%
30 Eagles EDGE Georgia Nolan Smith
60%
26 Cowboys DT Michigan Mazi Smith
59%
25 Bills TE Utah Dalton Kincaid
57%
17 Patriots CB Oregon Christian Gonzalez
55%
14 Steelers OT Georgia Broderick Jones
49%
1 Panthers QB Alabama Bryce Jones
48%
13 Packers EDGE Iowa Lukas Van Ness
47%
7 Raiders DE Texas Tech Tyree Wilson
44%
11 Titans OT Northwestern Peter Skoronski
42%
18 Lions LB Iowa Jack Campbell
41%
16 Commanders CB Mississippi St Emmanuel Forbes
38%
15 Jets EDGE Iowa State Will McDonald IV
37%
10 Bears OT Tennessee Darnell Wright
34%
24 Giants CB Maryland Deonte Banks
32%
29 Bengals DT Clemson Bryan Bresee
30%
19 Bucs DT Pitt Calijah Kancey
30%
28 Bengals DE Clemson Myles Murphy
27%
27 Jaguars OT Oklahoma Anton Harrison
20%
31 Chiefs EDGE Kansas State Felix Anudike-Uzomah
20%
No matching quizzes found
Score Distribution
Percent of People with Each Score
Percentile by Number Answered
Your Score History
You have not taken this quiz